000 00408nam a2200169Ia 4500
001 65594
008 150403s9999 xx 000 0 und d
020 _a
040 _cPK-LaUMT
082 _a 306
_bALI-T
100 _aAli Abbas Jalalpuri
245 _aTareekh ka nia mor (Urdu)
_cAli Abbas Jalalpuri
260 _aLahore,Pakistan:
_bTakhleqaat,
_c2013
300 _a173 p.
546 _aUR
942 _cBK
999 _c68906
_d68906